El zoo de verano /

Guardado en:
Autor Principal: Córdova, Isabel.
Formato: Libro
Idioma:Undetermined
Publicado: Barcelona : Edebé, 1993.
Series:Tucán. A partir de 9 años
Materias:
Etiquetas: Agregar Etiqueta
Sin Etiquetas, Sea el primero en etiquetar este registro!
LEADER 00948nam a22002055a 4500
001 CEM.cems020268
008 230731s1993####sp############000#0#und#d
005 20230731145510.0
245 1 0 |a El zoo de verano /  |c Isabel Córdova. 
260 |a Barcelona :  |b Edebé,  |c 1993. 
300 |a 104 p. 
490 1 |a Tucán. A partir de 9 años 
500 |a Silvia ha suspendido dos asignaturas, así que este verano tendrá que quedarse estudiando en la ciudad, con su abuela Pura. Lo que ninguna de las dos esperaba, desde luego, es tener un zoo particular en su casa. Con animales de todas partes, Silvia y su abuela no vivirán ni un minuto de reposo. 
020 |a 9788423633340 
100 1 |a Córdova, Isabel. 
653 |a Novela infantil 
653 |a Literatura infantil 
653 |a Literatura peruana 
859 |a CEMS  |b BIB. CEMS - Inicial y Primaria  |h Pe863.4  |i C812  |k IP  |p 1025  |t Ej.1 
859 |a CEMS  |b BIB. CEMS - Inicial y Primaria  |h Pe863.4  |i C812  |k IP  |p 2379  |t Ej.2